LEADER 01001nam a2200229 i 4500 001 000000037769 003 CaOOAMICUS 005 20260331114936.0 008 931231s1961 it u000 u ita u 040 $aSeMil$bita 100 1 $aOlivieri, Dante.$0(OLS)http://semarc/name/17748 245 10$aDizionario etimologico italiano :$bconcordato coi dialetti, le lingue straniere e la topo-onomastica /$cDante Olivieri. 250 $a2. ed. riveduta dell'autore 264 1$aMilano :$bCeschina,$c1961. 300 $a811 p. ;$c23 cm 650 4$aLingua italiana - Dizionari etimologici.$0(OLS)http://semarc/subject/170 850 $aSeMil 852 $aSeMil$W1$xVenegono$y1$m1P VI 20$j269413$B3924$CSeMilBibl$Z2$F3924 $81 961 $aOmaggio: Deposito 996 $6245$aDizionario etimologico italiano :$bconcordato coi dialetti, le lingue straniere e la topo-onomastica$9(OLS)http://semarc/title/53028 996 $6264$aMilano :$bCeschina$9(OLS)http://semarc/publisher/30279